Prodedimiento administrativo y contratación pública: estudio a diez años de la entrada en vigencia de las leyes Nº 19.880 y Nº 19.886

Guardat en:
Dades bibliogràfiques
Autors principals: Bocksang Hola, Gabriel (Autor), Lara Arroyo, José Luis (Autor)
Format: Llibre
Idioma:espanyol
Publicat: Santiago Legal Publishing 2013
Edició:1a. ed
Col·lecció:Colección Estudios de Derecho Administrativo. Estudios Normativos
Matèries:
Etiquetes: Afegir etiqueta
Sense etiquetes, Sigues el primer a etiquetar aquest registre!

MARC

LEADER 00000cam a2200000 a 4500
001 UCF9265
003 CL-VaPUC
008 131111e20130900cl |||||||||||||||||spa|d
020 |a 9789563463996 
082 0 4 |a 342.83066  |b BOC  |2 21 
100 |a Bocksang Hola, Gabriel  |e author  |9 622085 
700 |a Lara Arroyo, José Luis  |e author  |9 588349 
245 1 0 |a Prodedimiento administrativo y contratación pública: estudio a diez años de la entrada en vigencia de las leyes Nº 19.880 y Nº 19.886 
250 |a 1a. ed 
300 |a 565 p 
942 |c BK 
945 |d 20131111 15:03:00  |a dcastane 
260 |a Santiago  |b Legal Publishing  |c 2013 
650 0 |a Derecho administrativo  |9 254851 
650 0 |a Procedimiento administrativo  |9 256132 
650 0 |a Administración pública   |9 255343 
583 |a last modification  |c 20131111 15:03:00  |k Rodrigo Vera 
490 0 |a Colección Estudios de Derecho Administrativo. Estudios Normativos 
999 |c 353738  |d 353736 
952 |0 0  |1 0  |3 erb  |4 0  |6 342_830660000000000_BOC_2013  |7 0  |8 A  |9 459112  |a BIBDER  |b BIBDER  |d 2019-11-23  |i 5025389  |l 1  |o 342.83066 BOC 2013  |p 5025389  |r 2023-06-19  |s 2023-06-19  |w 2019-11-23  |y BK  |z Catalogado en:20131111  |k DER